000 00414nam a22001217a 4500
040 _cRUA
082 _aAGR HAY 2009 B039 Or.1
100 _aHAY CHANTHY
245 _aeffectiveness of benzylaminopurine on the growth of protocorm of dendrobium crumenatum sw ,in vitrro
300 _axiii, 41p.
_bill.
_c29cm.
856 _uhttps://drive.google.com/file/d/1o1FeL7Poc7F62MXspj5hQSSueWm2Qa-c/view?usp=sharing
942 _cAGR
999 _c869
_d869